| 000 | 00672nmm a2200229 a 4500 | ||
|---|---|---|---|
| 003 | AR-BaBNM | ||
| 005 | 20251128205514.0 | ||
| 008 | 147119s1972 ||||||||||||||000 | spa|| | ||
| 040 | _cAR-BaBNM | ||
| 100 | 1 | _aGay-Lord, James H. | |
| 245 | 1 | 0 |
_aTelevisión educativa _bguía para su utilización por maestros y administradores |
| 250 | _a1ª ed. | ||
| 260 |
_aMéxico, D.F. _bTrillas _bCentro Regional de Ayuda Técnica _c1972 |
||
| 300 | 0 |
_a64 p. _bil. |
|
| 650 | 4 | _aTELEVISION EDUCATIVA | |
| 650 | 4 | _aENSENANZA POR TELEVISION | |
| 650 | 4 | _aASESORAMIENTO DEL DOCENTE | |
| 650 | 4 | _aGUIA DEL DOCENTE | |
| 650 | 4 | _aAUTOEVALUACION | |
| 942 | _cBK | ||
| 998 | _cCarmen | ||
| 999 |
_c11667 _d11667 |
||